000 00410nam a2200145Ia 4500
003 GCL
008 140319s9999 xx 000 0 eng d
040 _aGCL /
_cGCL
082 0 4 _a418.02
_bb t
100 1 _aBELL, ROGER T.
245 1 0 _aTranslation And Translating, Thenry And Practice /
_cBELL, ROGER T.
260 _a[S.N] :
_bNO SERES ،
_c1991
650 0 4 _aTRANSLATING AND INTERPRETING
942 _2ddc
_cBK
999 _c17459
_d17459